El precio de la codicia
Crónica de la vida de ocho trabajadores de un poderoso banco de inversión durante las 24 horas previas al inicio de la crisis financiera de 2008. Cuando Peter Sullivan (Zachary Quinto), un analista principiante, revela datos que podrían conducir la empresa a la ruina, se desencadena una catarata de...
Guardado en:
| Autor Principal: | |
|---|---|
| Autor Corporativo: | |
| Otros Autores: | , , |
| Formato: | |
| Idioma: | Undetermined |
| Publicado: |
Estados Unidos :
Lionsgate,
2011.
|
| Materias: | |
| Etiquetas: |
Agregar Etiqueta
Sin Etiquetas, Sea el primero en etiquetar este registro!
|
| LEADER | 01305ngm a22002415a 4500 | ||
|---|---|---|---|
| 001 | CEM.cems020738 | ||
| 008 | 231211s2011####xx#---############vlund#d | ||
| 005 | 20231211193056.0 | ||
| 245 | 1 | 0 | |a El precio de la codicia |h [videograbación] / |c J. C. Chandor. |
| 260 | |a Estados Unidos : |b Lionsgate, |c 2011. | ||
| 300 | |a 107'. | ||
| 520 | |a Crónica de la vida de ocho trabajadores de un poderoso banco de inversión durante las 24 horas previas al inicio de la crisis financiera de 2008. Cuando Peter Sullivan (Zachary Quinto), un analista principiante, revela datos que podrían conducir la empresa a la ruina, se desencadena una catarata de decisiones tanto morales como financieras que producen un terremoto en la vida de los implicados en el inminente desastre. | ||
| 538 | |a Soporte: DVD -- Formato: DVD Peso: 4.26gb -- Resolución: 720 x 480 -- 29.97fps | ||
| 500 | |a Título original: Margin Call Idioma: Inglés Subtítulos: Español. | ||
| 590 | |a Identificación anterior: 326 | ||
| 100 | 1 | |a Chandor, J.C. | |
| 700 | 1 | |a Spacey, Kevin; Reparto. | |
| 700 | 1 | |a Bettany, Paul; Reparto. | |
| 700 | 1 | |a Irons, Jeremy; Reparto. | |
| 710 | 2 | |a Before the Door Pictures. | |
| 653 | |a LARGOMETRAJE | ||
| 653 | |a FICCIÓN | ||
| 859 | |a CEMS |b BIB. CEMS - Depto. Recursos Didacticos |h 778.5 |i CHA-2 |k DRD |p 3265.23 |t Ej.1 | ||
